000 00317pab a2200145 454500
008 180718b1987 xxu||||| |||| 00| 0 eng d
100 _aMojumdar, Modhumita
245 _aLand of starving mothers
260 _c1987
300 _a33-4
362 _aMar.
650 _aPoverty
773 _aSeminar
909 _a15738
999 _c15738
_d15738